[Event "OLNO 1718 Rotation Pankow - SK König Te"]
[Site "?"]
[Date "2017.10.23"]
[Round "2.3"]
[White "Dimitrijeski, Boris"]
[Black "Guth, Thomas"]
[Result "0-1"]
[WhiteElo "2294"]
[BlackElo "2328"]
[PlyCount "60"]
[EventDate "2017.??.??"]

1. d4 e6 2. c4 Nf6 3. Nf3 c5 4. d5 exd5 5. cxd5 d6 6. Nc3 g6 7. Qa4+ Bd7 8. Qb3
Qb6 9. e4 Na6 10. Bc4 Qxb3 11. axb3 Nc7 12. e5 dxe5 13. Nxe5 Bd6 14. Bf4 a6 15.
Nxg6 Bxf4 16. Nxf4 O-O 17. O-O Bf5 18. Rfd1 Rad8 19. Bd3 Bg6 20. Na4 Nd7 21.
Rac1 b6 22. b4 Bxd3 23. Rxd3 Rfe8 24. bxc5 bxc5 25. h3 Ne5 26. Rg3+ Kf8 27.
Rxc5 Nb5 28. Nc3 Nd4 29. Ne4 Nd7 30. Ra3 Rxe4 0-1

[Event "OLNO 1718 Rotation Pankow - SK König Te"]
[Site "?"]
[Date "2017.10.23"]
[Round "2.4"]
[White "Dauth, Benjamin"]
[Black "Dimitrijeski, Kristian"]
[Result "1/2-1/2"]
[WhiteElo "2322"]
[BlackElo "2155"]
[PlyCount "41"]
[EventDate "2017.??.??"]

1. e4 e5 2. Bc4 Nc6 3. Nf3 Bc5 4. c3 Nf6 5. d4 exd4 6. cxd4 Bb4+ 7. Nc3 Nxe4 8.
O-O Bxc3 9. d5 Bf6 10. Re1 Ne7 11. Rxe4 d6 12. Bg5 Bxg5 13. Nxg5 O-O 14. Nxh7
Kxh7 15. Qh5+ Kg8 16. Rh4 f5 17. Qh7+ Kf7 18. Rh6 Rg8 19. Re1 Qf8 20. Bb5 Rh8
21. Qxh8 1/2-1/2

[Event "OLNO 1718 Rotation Pankow - SK König Te"]
[Site "?"]
[Date "2017.10.23"]
[Round "2.5"]
[White "Anibar, Ahmed"]
[Black "Seils, Joerg"]
[Result "1-0"]
[WhiteElo "2268"]
[BlackElo "2318"]
[PlyCount "77"]
[EventDate "2017.??.??"]

1. e4 d5 2. exd5 Qxd5 3. Nc3 Qa5 4. Bc4 c6 5. d3 Bf5 6. Bd2 e6 7. Qe2 Nf6 8. h3
Bb4 9. Nf3 Nbd7 10. a3 Bxc3 11. Bxc3 Qc7 12. g4 Bg6 13. O-O-O O-O-O 14. Kb1
Rhe8 15. h4 Nxg4 16. h5 Bf5 17. Bxg7 Qf4 18. Bd4 Nb6 19. Be3 Nxe3 20. fxe3 Qc7
21. Bb3 Bg4 22. Rdg1 Rg8 23. Qf2 h6 24. Nd2 Rde8 25. Ne4 Nd7 26. Qxf7 Rgf8 27.
Qg6 Bf5 28. Qxh6 Bxe4 29. dxe4 Qe5 30. Qg6 Nc5 31. Rg5 Qd6 32. h6 Nxb3 33. cxb3
Qd3+ 34. Ka2 a5 35. Rxa5 Kb8 36. h7 e5 37. a4 Qd8 38. Rc5 Rf2 39. Qxe8 1-0

[Event "OLNO 1718 Rotation Pankow - SK König Te"]
[Site "?"]
[Date "2017.10.23"]
[Round "2.6"]
[White "Bruchmann, Stephan"]
[Black "Niehaus, Frank"]
[Result "1/2-1/2"]
[WhiteElo "2219"]
[BlackElo "2183"]
[PlyCount "35"]
[EventDate "2017.??.??"]

1. e4 d6 2. d4 Nf6 3. Nc3 Nbd7 4. Nf3 e5 5. Bc4 Be7 6. O-O O-O 7. Re1 c6 8. a4
b6 9. h3 a6 10. b3 Rb8 11. Bd3 b5 12. Bb2 Re8 13. Ne2 Bf8 14. Ng3 g6 15. Qd2
Qc7 16. axb5 axb5 17. Qg5 Bg7 18. dxe5 1/2-1/2

[Event "OLNO 1718 Rotation Pankow - SK König Te"]
[Site "?"]
[Date "2017.10.23"]
[Round "2.7"]
[White "Jahnz, Fabian"]
[Black "Mueller, Michael"]
[Result "1/2-1/2"]
[WhiteElo "2234"]
[BlackElo "2262"]
[PlyCount "28"]
[EventDate "2017.??.??"]

1. e4 e6 2. d4 d5 3. Nc3 Nc6 4. Nf3 Nf6 5. Bd3 Bb4 6. exd5 exd5 7. O-O O-O 8.
Bg5 Bxc3 9. bxc3 Bg4 10. h4 Bh5 11. Rb1 b6 12. a4 Bg6 13. Ne5 Qd6 14. Bf4 Bxd3
1/2-1/2

[Event "OLNO 1718 Rotation Pankow - SK König Te"]
[Site "?"]
[Date "2017.10.23"]
[Round "2.8"]
[White "Jeske, Eckhard"]
[Black "Jaeger, Tobias"]
[Result "0-1"]
[WhiteElo "2153"]
[BlackElo "2098"]
[PlyCount "66"]
[EventDate "2017.??.??"]

1. c4 e5 2. Nc3 Nf6 3. e4 Bb4 4. Nge2 O-O 5. g3 a5 6. Bg2 Nc6 7. O-O d6 8. d3
Bc5 9. h3 Nd4 10. Nxd4 Bxd4 11. Ne2 Ba7 12. Kh2 c6 13. f4 Re8 14. b3 b5 15. Bb2
Bb7 16. Qd2 a4 17. Rae1 axb3 18. axb3 bxc4 19. dxc4 Bb6 20. Rd1 Bc7 21. Qc2 Qe7
22. fxe5 dxe5 23. Rd2 Bc8 24. Nc1 Be6 25. Nd3 Nd7 26. Rdd1 f6 27. Ra1 Bd6 28.
Bc3 Nc5 29. Rfb1 Nxd3 30. Qxd3 Bb4 31. Bb2 Rad8 32. Qe3 Rd2 33. Rd1 Rxb2 0-1

[Event "OLNO 1718 Greifswalder SV - TuS Makkabi"]
[Site "?"]
[Date "2017.10.23"]
[Round "2.1"]
[White "Sawlin, Leonid"]
[Black "Mueller, Nick"]
[Result "0-1"]
[WhiteElo "2307"]
[BlackElo "2268"]
[PlyCount "56"]
[EventDate "2017.??.??"]

1. e4 c5 2. Nf3 d6 3. d4 cxd4 4. Nxd4 Nf6 5. Nc3 a6 6. Bg5 e6 7. f4 h6 8. Bh4
Qb6 9. a3 Be7 10. Bf2 Qc7 11. Qf3 Nbd7 12. g4 g5 13. Nde2 gxf4 14. Qxf4 Ne5 15.
h3 Bd7 16. O-O-O b5 17. Rg1 Rb8 18. Qe3 b4 19. axb4 Rxb4 20. Qa7 Qa5 21. Nd4
Qa1+ 22. Kd2 Qxb2 23. Rb1 Nxe4+ 24. Nxe4 Qxb1 25. Bb5 Rxd4+ 26. Bxd4 Qxb5 27.
Kc1 Bc6 28. Bb6 Nd7 0-1

[Event "OLNO 1718 Greifswalder SV - TuS Makkabi"]
[Site "?"]
[Date "2017.10.23"]
[Round "2.2"]
[White "Weber, Max"]
[Black "Kiesekamp, Marcos"]
[Result "1-0"]
[WhiteElo "2264"]
[BlackElo "2329"]
[PlyCount "69"]
[EventDate "2017.??.??"]

1. d4 Nf6 2. c4 g6 3. Nc3 Bg7 4. e4 d6 5. Nf3 O-O 6. h3 Na6 7. Be3 c5 8. d5 Nc7
9. Bd3 a6 10. a4 b6 11. O-O Bd7 12. Re1 e6 13. Qd2 Rb8 14. e5 dxe5 15. Bg5 exd5
16. cxd5 Be8 17. Rxe5 h6 18. Bxh6 Nfxd5 19. Bxg7 Kxg7 20. Bxg6 f6 21. Rxe8 Nxe8
22. Nxd5 Kxg6 23. Nh4+ Kf7 24. Re1 Rb7 25. Qh6 Rg8 26. Qh5+ Kf8 27. Ng6+ Rxg6
28. Qxg6 Rf7 29. Nf4 Nc7 30. Qh6+ Kg8 31. Re3 Rg7 32. Nh5 Qd1+ 33. Kh2 Qd6+ 34.
g3 Rf7 35. Re4 1-0

[Event "OLNO 1718 Greifswalder SV - TuS Makkabi"]
[Site "?"]
[Date "2017.10.23"]
[Round "2.3"]
[White "Gazmaga, Stefan"]
[Black "Leisner, Hannes"]
[Result "1/2-1/2"]
[WhiteElo "2174"]
[BlackElo "2241"]
[PlyCount "56"]
[EventDate "2017.??.??"]

1. d4 Nf6 2. Nf3 g6 3. c4 Bg7 4. g3 d5 5. Bg2 dxc4 6. O-O c6 7. a4 O-O 8. Na3
Na6 9. Nxc4 Be6 10. Nce5 Bd5 11. a5 Nc7 12. Qa4 Nd7 13. Rd1 Nxe5 14. dxe5 Qc8
15. e4 Be6 16. Bg5 Re8 17. Qa3 Bg4 18. Bxe7 Bxf3 19. Bxf3 Bxe5 20. Rd2 Qe6 21.
Bg5 Nb5 22. Qb4 Bf6 23. Be3 Rad8 24. Rad1 Rxd2 25. Rxd2 Rd8 26. Rxd8+ Bxd8 27.
Be2 a6 28. Kg2 Bf6 1/2-1/2

[Event "OLNO 1718 Greifswalder SV - TuS Makkabi"]
[Site "?"]
[Date "2017.10.23"]
[Round "2.4"]
[White "Stubbe, Wilko"]
[Black "Sawlin, Michail"]
[Result "1-0"]
[WhiteElo "2173"]
[BlackElo "2206"]
[PlyCount "69"]
[EventDate "2017.??.??"]

1. e4 e6 2. d4 d5 3. exd5 exd5 4. Bd3 Nc6 5. c3 Bd6 6. Qb3 Nge7 7. Nf3 O-O 8.
Bg5 a6 9. Nbd2 Bg4 10. O-O Qd7 11. Rfe1 Bf5 12. Qc2 Bxd3 13. Qxd3 f6 14. Bh4
Nf5 15. Bg3 Nxg3 16. hxg3 Rfe8 17. Nf1 Rxe1 18. Rxe1 g6 19. Ne3 Bf8 20. Kh2 b5
21. Rh1 Re8 22. Kg1 Ne7 23. g4 c6 24. Nh4 Qe6 25. g5 fxg5 26. Nf3 g4 27. Ng5
Qd6 28. Nxh7 g3 29. fxg3 Nf5 30. Nxf5 gxf5 31. Rh5 Re1+ 32. Kf2 Re4 33. Nxf8
Qxf8 34. Rg5+ Kh7 35. Qf3 1-0

[Event "OLNO 1718 Greifswalder SV - TuS Makkabi"]
[Site "?"]
[Date "2017.10.23"]
[Round "2.5"]
[White "Emig, Edgar"]
[Black "Kuersten, Ruediger"]
[Result "1-0"]
[WhiteElo "2128"]
[BlackElo "2172"]
[PlyCount "101"]
[EventDate "2017.??.??"]

1. c4 c6 2. e4 d5 3. cxd5 cxd5 4. exd5 Nf6 5. Nc3 Nxd5 6. Bc4 e6 7. Nf3 Nc6 8.
O-O Be7 9. d4 O-O 10. Be3 b6 11. Nxd5 exd5 12. Bb5 Bd7 13. Qa4 Nb8 14. Ne5 Bxb5
15. Qxb5 a6 16. Qb3 Ra7 17. Rac1 Qd6 18. Rc2 f6 19. Nd3 g5 20. f4 a5 21. a4 Bd8
22. fxg5 fxg5 23. Rxf8+ Kxf8 24. Rc8 Kg7 25. Ne5 Na6 26. Rxd8 Qxd8 27. Nc6 Qd7
28. Nxa7 Qxa7 29. Qxd5 h6 30. Qe5+ Kg6 31. Qe6+ Kh7 32. d5 Nc5 33. Qf5+ Kg8 34.
Qc8+ Kf7 35. Qf5+ Ke8 36. Kf2 Qe7 37. Qg6+ Kf8 38. Qxh6+ Kg8 39. Qg6+ Kf8 40.
Qf5+ Kg7 41. Bd4+ Kh6 42. Bxc5 Qxc5+ 43. Kf3 Qd4 44. Qe6+ Kg7 45. Qe7+ Kh6 46.
Qf8+ Kg6 47. Qe8+ Kh6 48. Qc6+ Kg7 49. Qc3 Qxc3+ 50. bxc3 b5 51. Ke2 1-0

[Event "OLNO 1718 Greifswalder SV - TuS Makkabi"]
[Site "?"]
[Date "2017.10.23"]
[Round "2.6"]
[White "Kalhorn, Stefan"]
[Black "Schmidt, Jevgen"]
[Result "1-0"]
[WhiteElo "2150"]
[BlackElo "1872"]
[PlyCount "111"]
[EventDate "2017.??.??"]

1. d4 Nf6 2. c4 g6 3. Nc3 Bg7 4. e4 d6 5. Nf3 O-O 6. Be2 e5 7. d5 a5 8. Bg5 h6
9. Bh4 Na6 10. Nd2 Bd7 11. b3 Qe8 12. a3 b6 13. O-O Nh7 14. f3 h5 15. Rb1 Bh6
16. b4 Be3+ 17. Bf2 Bxf2+ 18. Rxf2 Qe7 19. Bd3 Bc8 20. Nf1 f5 21. exf5 gxf5 22.
Qc2 h4 23. c5 bxc5 24. b5 c4 25. Bxc4 Nc5 26. Na4 Nxa4 27. Qxa4 Bd7 28. Bd3 Rf7
29. Rc1 Qg5 30. f4 exf4 31. Qxf4 Bc8 32. Ne3 Re7 33. Qxg5+ Nxg5 34. Nxf5 Bxf5
35. Rxf5 Ne4 36. Rf4 Nc5 37. Rg4+ Rg7 38. Be2 Re8 39. Rxg7+ Kxg7 40. Kf2 Re5
41. Rc4 Re4 42. Kf3 Rxc4 43. Bxc4 h3 44. gxh3 Kf6 45. Kf4 Na4 46. Bb3 Nc3 47.
a4 Ne2+ 48. Ke4 Kg5 49. Kd3 Nf4+ 50. Kc4 Ng6 51. b6 Ne5+ 52. Kb5 cxb6 53. Kxb6
Kh4 54. Kxa5 Kxh3 55. Kb6 Kxh2 56. Kc7 1-0

[Event "OLNO 1718 Greifswalder SV - TuS Makkabi"]
[Site "?"]
[Date "2017.10.23"]
[Round "2.7"]
[White "Lalaev, Ashur"]
[Black "Reyer, Ulli"]
[Result "0-1"]
[WhiteElo "1662"]
[BlackElo "2148"]
[PlyCount "84"]
[EventDate "2017.??.??"]

1. e4 e5 2. Nf3 Nc6 3. Bb5 a6 4. Ba4 Nf6 5. Nc3 Bc5 6. O-O d6 7. Bxc6+ bxc6 8.
d4 exd4 9. Nxd4 Bd7 10. Re1 O-O 11. Bg5 h6 12. Bh4 Re8 13. h3 Qe7 14. Nf3 g5
15. Bg3 Nh5 16. Bh2 g4 17. hxg4 Bxg4 18. Qd3 Qf6 19. e5 Qf5 20. Ne4 Bb6 21. Nh4
Qe6 22. Qc3 d5 23. Nf6+ Nxf6 24. exf6 d4 25. Qd2 Qxf6 26. Bg3 Rad8 27. Qd3 a5
28. Re4 Rxe4 29. Qxe4 Qe6 30. Qxe6 Bxe6 31. Nf3 c5 32. a3 c4 33. Rd1 f6 34. Re1
Kf7 35. Nd2 a4 36. Bh4 Ba5 37. Re2 d3 38. cxd3 cxd3 39. Re4 Bxd2 40. Rxa4 Bc1
41. Ra7 d2 42. Rxc7+ Rd7 0-1

[Event "OLNO 1718 FHSH Stralsund - LOK RAW Cott"]
[Site "?"]
[Date "2017.10.23"]
[Round "2.1"]
[White "Manigk, Sebastian"]
[Black "Lang, Henry"]
[Result "1/2-1/2"]
[WhiteElo "2254"]
[BlackElo "1984"]
[PlyCount "114"]
[EventDate "2017.??.??"]

1. Nf3 Nf6 2. e3 d5 3. c4 e6 4. b3 Be7 5. Bb2 O-O 6. Nc3 c5 7. cxd5 exd5 8. d4
Nc6 9. Be2 Bg4 10. O-O Bxf3 11. Bxf3 cxd4 12. exd4 Rc8 13. Na4 b6 14. Re1 Bd6
15. Nc3 Bb8 16. Ba3 Bd6 17. Bxd6 Qxd6 18. Rc1 Rfd8 19. Re3 Qb4 20. Rd3 Ne7 21.
g3 Rc7 22. Ne2 Rxc1 23. Qxc1 Rc8 24. Rc3 Rxc3 25. Qxc3 Qxc3 26. Nxc3 Nc6 27.
Kg2 Nxd4 28. Nxd5 Nxd5 29. Bxd5 Kf8 30. f4 Ke7 31. Kf2 f6 32. Be4 h6 33. Ke3
Nb5 34. Bd3 Nc7 35. Ke4 Ke6 36. Bc4+ Ke7 37. Kf5 b5 38. Be2 Kf7 39. Bh5+ Ke7
40. Ke4 Kd6 41. Bf7 Ke7 42. Bg8 Kd6 43. Kd4 a5 44. a3 Na6 45. Bd5 Nc7 46. Bf7
Na6 47. Bg6 Nc5 48. Bc2 Ne6+ 49. Ke4 Nc5+ 50. Kd4 Ne6+ 51. Kc3 Kc5 52. b4+
axb4+ 53. axb4+ Kd6 54. Bd3 Nc7 55. Kd4 Nd5 56. Bxb5 Nxb4 57. Kc4 Nd5 1/2-1/2

[Event "OLNO 1718 FHSH Stralsund - LOK RAW Cott"]
[Site "?"]
[Date "2017.10.23"]
[Round "2.2"]
[White "Mehl, Ronald"]
[Black "Pfeffer, Ruprecht"]
[Result "1/2-1/2"]
[WhiteElo "2124"]
[BlackElo "2266"]
[PlyCount "187"]
[EventDate "2017.??.??"]

1. d4 Nf6 2. Nf3 g6 3. c4 Bg7 4. Nc3 d5 5. cxd5 Nxd5 6. e4 Nxc3 7. bxc3 c5 8.
Be3 Qa5 9. Qd2 Nc6 10. Rb1 a6 11. Be2 O-O 12. O-O cxd4 13. Nxd4 Nxd4 14. Bxd4
Bxd4 15. Qxd4 Qxa2 16. Bc4 Qa5 17. Rb6 e5 18. Qe3 Bd7 19. Rxb7 Rac8 20. Bxa6
Rxc3 21. Qb6 Qa4 22. Qd6 Bc8 23. Bb5 Qxe4 24. Rb8 Qd4 25. Qe7 Qc5 26. Qxc5 Rxc5
27. Ra1 Be6 28. Rxf8+ Kxf8 29. Bf1 Kg7 30. h4 h6 31. Re1 Kf6 32. g3 g5 33.
hxg5+ Kxg5 34. Bg2 Kf6 35. Bf3 Kg5 36. Kg2 Bf5 37. Re3 Bc8 38. Ba8 f6 39. Ra3
Rc7 40. Ra5 Kg6 41. Bf3 Bf5 42. Bd5 Bc8 43. Bf3 Be6 44. Ra6 Bf7 45. Be4+ Kg7
46. Ra5 Be6 47. Bd5 Bc8 48. Bf3 Kg6 49. Ba8 h5 50. Bf3 Rc1 51. Ra4 Rc7 52. Rh4
Rh7 53. Rc4 Bd7 54. Rb4 Bc8 55. Rc4 Bd7 56. Rb4 Bc8 57. Rc4 Be6 58. Rc6 Re7 59.
Rb6 Kg5 60. Rb7 Rxb7 61. Bxb7 Bg4 62. Bc6 Bf5 63. Kf3 Be6 64. Bb7 Bc4 65. Bc6
Bb3 66. Bb7 Bd1+ 67. Kg2 f5 68. Bd5 Kg4 69. Bc6 Bc2 70. Bf3+ Kg5 71. Kh2 Bb3
72. Kg1 Bf7 73. Bc6 f4 74. Kg2 Bg6 75. Bb7 e4 76. gxf4+ Kxf4 77. Ba6 Bf5 78.
Bf1 Bg4 79. Kh2 h4 80. Bb5 Kf3 81. Bc6 Bf5 82. Bb7 Kf4 83. Ba8 Bg4 84. Bb7 Ke5
85. Bc6 Kd4 86. Bb7 Ke5 87. Bc6 Kf5 88. Bb7 Bf3 89. Kh3 Kg5 90. Bc6 Bg4+ 91.
Kh2 Bf3 92. Kh3 Bg4+ 93. Kh2 Kf4 94. Bb7 1/2-1/2

[Event "OLNO 1718 FHSH Stralsund - LOK RAW Cott"]
[Site "?"]
[Date "2017.10.23"]
[Round "2.4"]
[White "Glawe, Hartmut"]
[Black "Franzke, Alexander"]
[Result "0-1"]
[WhiteElo "2008"]
[BlackElo "2009"]
[PlyCount "88"]
[EventDate "2017.??.??"]

1. d4 c5 2. d5 d6 3. c4 e5 4. Nc3 Nf6 5. e4 Nbd7 6. Bd3 Be7 7. Nge2 h5 8. Bd2
h4 9. h3 Nh5 10. Qa4 a6 11. Nd1 Bg5 12. Ne3 Kf8 13. Qc2 g6 14. a4 Nf4 15. Nxf4
Bxf4 16. O-O-O Nf6 17. Be2 Bd7 18. Rdg1 b5 19. g3 Bg5 20. Nf1 Bxd2+ 21. Nxd2
bxa4 22. Qc3 Rb8 23. f4 Qe7 24. Rf1 hxg3 25. Qxg3 Nh5 26. Bxh5 Rxh5 27. Qc3 Rb4
28. Rf3 exf4 29. Rxf4 Qe5 30. Rhf1 Be8 31. Rf6 Ke7 32. Qxe5+ Rxe5 33. Kc2 Rh5
34. R6f3 Rh7 35. Rf6 Bd7 36. e5 dxe5 37. Rxa6 Bf5+ 38. Kc1 Rxh3 39. Re1 f6 40.
Ra7+ Bd7 41. Ra5 g5 42. Rxc5 a3 43. b3 Bf5 44. Ra5 Rc3+ 0-1

[Event "OLNO 1718 FHSH Stralsund - LOK RAW Cott"]
[Site "?"]
[Date "2017.10.23"]
[Round "2.5"]
[White "Kirst, Julia"]
[Black "Kohn, Andreas"]
[Result "1/2-1/2"]
[WhiteElo "1936"]
[BlackElo "1973"]
[PlyCount "58"]
[EventDate "2017.??.??"]

1. Nf3 d5 2. g3 Nf6 3. Bg2 c6 4. O-O Bg4 5. d3 e6 6. Qe1 Nbd7 7. Nbd2 Be7 8. e4
dxe4 9. dxe4 e5 10. h3 Bh5 11. Nh4 Bg6 12. Nf5 Bxf5 13. exf5 Qc7 14. Nc4 O-O-O
15. b4 Nd5 16. c3 g6 17. fxg6 hxg6 18. Ne3 N7f6 19. a3 Qd7 20. Nxd5 Nxd5 21. c4
Nb6 22. Qxe5 Nxc4 23. Qe4 Bf6 24. Qxc4 Bxa1 25. Be3 Bb2 26. b5 Qd3 27. Qxf7
Qxb5 28. Bf4 Rd7 29. Qxg6 Be5 {(=)} 1/2-1/2

[Event "OLNO 1718 FHSH Stralsund - LOK RAW Cott"]
[Site "?"]
[Date "2017.10.23"]
[Round "2.6"]
[White "Paulowitz, Bernd-Rainer"]
[Black "Lehmann, Alexander"]
[Result "1-0"]
[WhiteElo "1903"]
[BlackElo "1997"]
[PlyCount "81"]
[EventDate "2017.??.??"]

1. d4 Nf6 2. Nf3 g6 3. b3 Bg7 4. Bb2 d5 5. e3 O-O 6. Bd3 Nbd7 7. O-O c5 8. Nbd2
b6 9. Re1 Bb7 10. Rc1 cxd4 11. exd4 Rc8 12. Qe2 Re8 13. Ne5 e6 14. Bb5 Qe7 15.
Ndf3 Nxe5 16. Nxe5 Red8 17. c3 Rc7 18. f3 Rdc8 19. g3 Qd6 20. h4 Ra8 21. Kg2 a6
22. Bd3 Nd7 23. f4 Nf6 24. Kh3 Ne4 25. h5 f6 26. Bxe4 dxe4 27. Nc4 Qc6 28. hxg6
hxg6 29. Ne3 f5 30. Kg2 Kf7 31. Rh1 Rcc8 32. c4 Rg8 33. Rh7 Kf8 34. Rch1 Qd7
35. R1h6 Qe8 36. Ba3+ Kf7 37. d5 Rh8 38. Rxh8 Bxh8 39. Rh7+ Kg8 40. Rxb7 Bf6
41. dxe6 1-0

[Event "OLNO 1718 LOK RAW Cottbus - TSG Neurupp"]
[Site "?"]
[Date "2017.11.12"]
[Round "3.1"]
[White "Popovics, Adam"]
[Black "Kapp, Martin"]
[Result "1/2-1/2"]
[WhiteElo "2379"]
[BlackElo "2280"]
[PlyCount "40"]
[EventDate "2017.??.??"]

1. d4 Nf6 2. c4 e6 3. Nf3 b6 4. e3 Be7 5. Bd3 Bb4+ 6. Nbd2 Ne4 7. O-O f5 8. a3
Bd6 9. b4 c5 10. dxc5 Nxd2 11. cxd6 Nxf3+ 12. gxf3 Qf6 13. Rb1 Nc6 14. Bb2 Ne5
15. Be2 Qg5+ 16. Kh1 Ng4 17. e4 Nxh2 18. Kxh2 Qh4+ 19. Kg2 Qg5+ 20. Kh2 Qh4+
1/2-1/2

[Event "OLNO 1718 LOK RAW Cottbus - TSG Neurupp"]
[Site "?"]
[Date "2017.11.12"]
[Round "3.2"]
[White "Manigk, Sebastian"]
[Black "Berebora, Ferenc"]
[Result "1/2-1/2"]
[WhiteElo "2254"]
[BlackElo "2437"]
[PlyCount "68"]
[EventDate "2017.??.??"]

1. e4 c5 2. Nc3 Nc6 3. Bb5 Nd4 4. Bc4 a6 5. Nge2 b5 6. Bd5 Nc6 7. d3 Nf6 8. Be3
e6 9. Bxc6 dxc6 10. Ng3 e5 11. h3 Be6 12. f4 exf4 13. Bxf4 Be7 14. O-O O-O 15.
Qf3 c4 16. Be3 cxd3 17. Rfd1 Nd7 18. cxd3 Ne5 19. Qf1 Bg5 20. Bc5 Re8 21. Nf5
Bxf5 22. Qxf5 g6 23. Qf1 Qc7 24. Qf2 Nd7 25. Be3 Bxe3 26. Qxe3 Rad8 27. Rac1
Qd6 28. d4 c5 29. dxc5 Qxc5 30. Qxc5 Nxc5 31. Rxd8 Rxd8 32. b4 Ne6 33. Nd5 Kg7
34. Rc6 Ng5 {(=)} 1/2-1/2

[Event "OLNO 1718 LOK RAW Cottbus - TSG Neurupp"]
[Site "?"]
[Date "2017.11.12"]
[Round "3.3"]
[White "Gyorkos, Lajos"]
[Black "Pfeffer, Ruprecht"]
[Result "1/2-1/2"]
[WhiteElo "2328"]
[BlackElo "2266"]
[PlyCount "81"]
[EventDate "2017.??.??"]

1. Nf3 Nf6 2. g3 g6 3. Bg2 Bg7 4. O-O d5 5. d4 O-O 6. Nbd2 c6 7. c4 Bf5 8. b3
a5 9. Bb2 Ne4 10. e3 Na6 11. Qe2 Nxd2 12. Qxd2 a4 13. Bc3 Be4 14. Rfc1 Qd6 15.
Ne1 Bxg2 16. Nxg2 Nc7 17. Nf4 Rfb8 18. Nd3 axb3 19. axb3 Rxa1 20. Rxa1 Na6 21.
Ra5 e6 22. Bb4 Qd8 23. Ra2 Nxb4 24. Qxb4 Bf8 25. Qc3 Ra8 26. Qa1 Rxa2 27. Qxa2
dxc4 28. bxc4 b6 29. Qb3 c5 30. dxc5 bxc5 31. h4 h5 32. Ne5 Qd6 33. Nf3 Bg7 34.
Kg2 Bf6 35. Qb7 Kg7 36. Qb5 Be7 37. Qe8 Bf6 38. Qc8 Be7 39. Qb7 Bf6 40. Qc8 Be7
41. Qe8 1/2-1/2

[Event "OLNO 1718 LOK RAW Cottbus - TSG Neurupp"]
[Site "?"]
[Date "2017.11.12"]
[Round "3.4"]
[White "Kunze, Kerstin"]
[Black "Schoene, Ralf"]
[Result "1/2-1/2"]
[WhiteElo "2084"]
[BlackElo "2279"]
[PlyCount "40"]
[EventDate "2017.??.??"]

1. b3 Nf6 2. Bb2 d6 3. d4 g6 4. e3 Bg7 5. Nf3 Nbd7 6. Be2 c5 7. O-O O-O 8. a4
cxd4 9. Nxd4 Ne5 10. c4 Bd7 11. Nc3 a6 12. Nd5 Rb8 13. Nxf6+ Bxf6 14. f4 Nc6
15. Nxc6 Bxc6 16. Bxf6 exf6 17. Qd4 Qc7 18. Bf3 f5 19. Rad1 Rfe8 20. Rd3 Rf8
1/2-1/2

[Event "OLNO 1718 LOK RAW Cottbus - TSG Neurupp"]
[Site "?"]
[Date "2017.11.12"]
[Round "3.5"]
[White "Heuer, Thomas"]
[Black "Franzke, Alexander"]
[Result "1-0"]
[WhiteElo "2105"]
[BlackElo "2009"]
[PlyCount "41"]
[EventDate "2017.??.??"]

1. d4 c5 2. e3 Nf6 3. Nf3 g6 4. c4 Bg7 5. Nc3 O-O 6. Be2 d6 7. O-O b6 8. Re1 e6
9. e4 Nc6 10. Be3 Bb7 11. d5 exd5 12. cxd5 Ne7 13. Qd2 a6 14. a4 Re8 15. Bh6
Bh8 16. Ng5 Nxe4 17. Ngxe4 Nxd5 18. Nxd5 Rxe4 19. Bf3 Re6 20. Bg5 Qf8 21. Rxe6
1-0

[Event "OLNO 1718 LOK RAW Cottbus - TSG Neurupp"]
[Site "?"]
[Date "2017.11.12"]
[Round "3.6"]
[White "Kirst, Julia"]
[Black "Simon, Ralf-Axel"]
[Result "1-0"]
[WhiteElo "1936"]
[BlackElo "2142"]
[PlyCount "91"]
[EventDate "2017.??.??"]

1. Nf3 c5 2. g3 Nc6 3. Bg2 g6 4. O-O Bg7 5. e4 Nf6 6. d3 O-O 7. c3 e5 8. Nbd2
Re8 9. Qc2 d6 10. Re1 a6 11. a3 b5 12. b4 Bb7 13. Nf1 Rc8 14. Qe2 d5 15. bxc5
dxe4 16. dxe4 Na5 17. N1d2 Rxc5 18. Bb2 Nd7 19. a4 bxa4 20. Rxa4 Nb6 21. Raa1
Nbc4 22. Nxc4 Nxc4 23. Ba3 Nxa3 24. Rxa3 Qc7 25. Rc1 Bh6 26. Rc2 Ra5 27. Rxa5
Qxa5 28. h4 Rc8 29. c4 f6 30. Bh3 Rc6 31. Qd3 Qc7 32. h5 a5 33. Nh4 Rd6 34. Qb3
Rd1+ 35. Kh2 Bxe4 36. c5+ Bd5 37. Be6+ Bxe6 38. Qxe6+ Qf7 39. Qc8+ Kg7 40. Rb2
Rd7 41. Rb8 Bf4 42. gxf4 Kh6 43. hxg6 hxg6 44. Qh8+ Qh7 45. Qxf6 Rf7 46. Nf5+
1-0

[Event "OLNO 1718 LOK RAW Cottbus - TSG Neurupp"]
[Site "?"]
[Date "2017.11.12"]
[Round "3.7"]
[White "Gropp, Andreas"]
[Black "Lehmann, Alexander"]
[Result "1/2-1/2"]
[WhiteElo "2181"]
[BlackElo "1997"]
[PlyCount "55"]
[EventDate "2017.??.??"]

1. c4 g6 2. e4 e5 3. Nc3 Bg7 4. g3 Nc6 5. Bg2 d6 6. Nge2 Nge7 7. O-O O-O 8. d3
Bg4 9. h3 Bd7 10. Bg5 h6 11. Be3 Nd4 12. Qd2 Bxh3 13. Bxh6 Nxe2+ 14. Nxe2 Be6
15. Rac1 Kh7 16. Bxg7 Kxg7 17. d4 c5 18. dxe5 dxe5 19. Qe3 Qc7 20. f4 f6 21.
Nc3 Bxc4 22. Rfd1 b6 23. b3 Ba6 24. b4 Rad8 25. Nd5 Nxd5 26. exd5 c4 27. Re1
Rfe8 28. Qa3 {(=)} 1/2-1/2

[Event "OLNO 1718 LOK RAW Cottbus - TSG Neurupp"]
[Site "?"]
[Date "2017.11.12"]
[Round "3.8"]
[White "Hering, Sven"]
[Black "Germann, Heike"]
[Result "1-0"]
[WhiteElo "1959"]
[BlackElo "2056"]
[PlyCount "59"]
[EventDate "2017.??.??"]

1. e4 c5 2. Nc3 Nc6 3. Bb5 Nd4 4. Bc4 g6 5. Nge2 Bg7 6. Nxd4 cxd4 7. Qf3 e6 8.
Nb5 d6 9. Qa3 Ke7 10. c3 dxc3 11. bxc3 a6 12. Be2 Nf6 13. e5 Ne8 14. d4 f6 15.
Bf4 fxe5 16. dxe5 Kf7 17. Rd1 d5 18. c4 Bd7 19. Nc3 Bc6 20. Bf3 Bf8 21. Qb2 Qa5
22. cxd5 Bb4 23. Bd2 Bd7 24. O-O Rc8 25. Ne4 Bxd2 26. Rxd2 exd5 27. e6+ Bxe6
28. Ng5+ Ke7 29. Nxe6 Kxe6 30. Bg4+ 1-0

[Event "OLNO 1718 TuS Makkabi Berlin - FHSH Str"]
[Site "?"]
[Date "2017.11.12"]
[Round "3.1"]
[White "Lang, Henry"]
[Black "Sawlin, Leonid"]
[Result "0-1"]
[WhiteElo "1984"]
[BlackElo "2307"]
[PlyCount "131"]
[EventDate "2017.??.??"]

1. d4 e6 2. c4 d5 3. Nc3 Be7 4. cxd5 exd5 5. Bf4 Nf6 6. e3 O-O 7. Bd3 Nbd7 8.
Nf3 c5 9. dxc5 Nxc5 10. Nd4 Nfe4 11. O-O Nxc3 12. bxc3 Bf6 13. Nb5 Be6 14. Bd6
Be7 15. Bxe7 Qxe7 16. a4 Rfc8 17. Nd4 Qg5 18. Kh1 Bd7 19. Bb5 Bf5 20. Nxf5 Qxf5
21. Be2 Ne4 22. Bg4 Nxf2+ 23. Rxf2 Qxf2 24. Bxc8 Rxc8 25. Qxd5 Qxe3 26. Qxb7
Qxc3 27. Rf1 Qc4 28. Kg1 Qd4+ 29. Kh1 Rf8 30. Qb3 g6 31. h3 Qd7 32. Rd1 Qc6 33.
Rf1 Qe6 34. Rb1 Qc6 35. Qb5 Qe4 36. a5 Rd8 37. a6 Rd3 38. Kh2 Rd2 39. Qf1 Kg7
40. Rb7 Qe5+ 41. Kh1 Qd5 42. Rb1 Rd3 43. Kg1 Ra3 44. Rb7 Qd4+ 45. Kh1 Ra1 46.
Rb1 Ra5 47. Rb7 Qa1 48. Rxf7+ Kh6 49. Qxa1 Rxa1+ 50. Kh2 Rxa6 51. h4 g5 52.
hxg5+ Kxg5 53. Rg7+ Kh6 54. Rg8 Rg6 55. Ra8 Rg7 56. Kh3 Kg6 57. Kg4 Kf6+ 58.
Kf4 Ke6 59. g4 Kd5 60. Rf8 Kc5 61. Ke3 a5 62. Rf4 Rd7 63. g5 Kb5 64. Rf5+ Kb4
65. Rf4+ Kb3 66. g6 0-1

[Event "OLNO 1718 TuS Makkabi Berlin - FHSH Str"]
[Site "?"]
[Date "2017.11.12"]
[Round "3.2"]
[White "Brener, Ilja"]
[Black "Mehl, Ronald"]
[Result "1-0"]
[WhiteElo "2399"]
[BlackElo "2124"]
[PlyCount "124"]
[EventDate "2017.??.??"]

1. e4 c5 2. d3 Nc6 3. f4 d6 4. Nf3 g6 5. Be2 Bg7 6. O-O Nf6 7. Qe1 Nd4 8. Nxd4
cxd4 9. Nd2 Qc7 10. Bd1 e5 11. Qh4 h6 12. Rf2 Qe7 13. Qg3 exf4 14. Qxf4 Be6 15.
Nf1 Nd7 16. Qg3 Bf6 17. Qf3 Bg7 18. Qe2 Ne5 19. Qe1 O-O 20. Bf4 Nc6 21. Qd2 g5
22. Bg3 f5 23. exf5 Bxf5 24. Bf3 Rae8 25. Bh5 Rd8 26. Re1 Qd7 27. Qd1 Ne5 28.
Nd2 Bh7 29. Ne4 Rxf2 30. Nxf2 Bg6 31. Bxe5 Bxh5 32. Qxh5 dxe5 33. Ne4 Rc8 34.
Rf1 Qe6 35. Rf2 Rf8 36. Rxf8+ Bxf8 37. b3 Bg7 38. Qe2 b6 39. a4 Bf8 40. Nd2 Bg7
41. Qe4 Qf7 42. g3 h5 43. h3 Qe6 44. Kg2 g4 45. hxg4 hxg4 46. Qa8+ Kh7 47. Ne4
Qh6 48. Qxa7 Qe3 49. Qf7 Qe2+ 50. Qf2 Qd1 51. b4 Bh6 52. Qf5+ Kh8 53. Qxe5+ Kh7
54. Qf5+ Kh8 55. Qf6+ Kh7 56. Qe7+ Kh8 57. Qd8+ Kh7 58. Qd7+ Kg6 59. Qe6+ Kg7
60. Qd7+ Kg6 61. Qc6+ Kg7 62. Nf2 Be3 1-0